<?xml version="1.0" encoding="UTF-8"?>
<marc:record xmlns:marc="http://www.loc.gov/MARC21/slim">
   <marc:leader>00000nam a2200000 a 4500</marc:leader>
   <marc:datafield ind1=" " ind2=" " tag="653">
      <marc:subfield code="a">Fußball</marc:subfield>
   </marc:datafield>
   <marc:datafield ind1=" " ind2=" " tag="653">
      <marc:subfield code="a">Kindersachbuch</marc:subfield>
   </marc:datafield>
   <marc:datafield ind1=" " ind2=" " tag="653">
      <marc:subfield code="a">Fakten</marc:subfield>
   </marc:datafield>
   <marc:datafield ind1=" " ind2=" " tag="653">
      <marc:subfield code="a">Bundesliga</marc:subfield>
   </marc:datafield>
   <marc:datafield ind1=" " ind2=" " tag="653">
      <marc:subfield code="a">Europameisterschaft</marc:subfield>
   </marc:datafield>
   <marc:datafield ind1=" " ind2=" " tag="653">
      <marc:subfield code="a">Champions League</marc:subfield>
   </marc:datafield>
   <marc:datafield ind1=" " ind2=" " tag="653">
      <marc:subfield code="a">Frauenfußball</marc:subfield>
   </marc:datafield>
   <marc:datafield ind1=" " ind2=" " tag="653">
      <marc:subfield code="a">EM 2024</marc:subfield>
   </marc:datafield>
   <marc:datafield ind1=" " ind2=" " tag="653">
      <marc:subfield code="a">Borussia Dortmund</marc:subfield>
   </marc:datafield>
   <marc:datafield ind1=" " ind2=" " tag="653">
      <marc:subfield code="a">Fußball Buch</marc:subfield>
   </marc:datafield>
   <marc:datafield ind1=" " ind2=" " tag="653">
      <marc:subfield code="a">Fußballbuch Kinder</marc:subfield>
   </marc:datafield>
   <marc:datafield ind1=" " ind2=" " tag="653">
      <marc:subfield code="a">Fußball für Kinder</marc:subfield>
   </marc:datafield>
   <marc:datafield ind1=" " ind2=" " tag="653">
      <marc:subfield code="a">Fußball WM</marc:subfield>
   </marc:datafield>
   <marc:datafield ind1=" " ind2=" " tag="653">
      <marc:subfield code="a">Fußballwissen</marc:subfield>
   </marc:datafield>
   <marc:datafield ind1=" " ind2=" " tag="653">
      <marc:subfield code="a">Buch über Fußball</marc:subfield>
   </marc:datafield>
   <marc:datafield ind1=" " ind2=" " tag="653">
      <marc:subfield code="a">Allianz Arena</marc:subfield>
   </marc:datafield>
   <marc:datafield ind1=" " ind2=" " tag="653">
      <marc:subfield code="a">Bayern München</marc:subfield>
   </marc:datafield>
   <marc:datafield ind1=" " ind2=" " tag="653">
      <marc:subfield code="a">Real Madrid</marc:subfield>
   </marc:datafield>
   <marc:datafield ind1=" " ind2=" " tag="653">
      <marc:subfield code="a">FC Barcelona</marc:subfield>
   </marc:datafield>
   <marc:datafield ind1=" " ind2=" " tag="653">
      <marc:subfield code="a">Manchester United</marc:subfield>
   </marc:datafield>
   <marc:datafield ind1=" " ind2=" " tag="653">
      <marc:subfield code="a">Lionel Messi</marc:subfield>
   </marc:datafield>
   <marc:datafield ind1=" " ind2=" " tag="653">
      <marc:subfield code="a">Christiano Ronaldo</marc:subfield>
   </marc:datafield>
   <marc:datafield ind1=" " ind2=" " tag="653">
      <marc:subfield code="a">Manuel Neuer</marc:subfield>
   </marc:datafield>
   <marc:datafield ind1=" " ind2=" " tag="653">
      <marc:subfield code="a">Deutsche Nationalmannschaft</marc:subfield>
   </marc:datafield>
   <marc:datafield ind1=" " ind2=" " tag="653">
      <marc:subfield code="a">Die Mannschaft</marc:subfield>
   </marc:datafield>
   <marc:datafield ind1=" " ind2=" " tag="653">
      <marc:subfield code="a">Deutscher Fußballbund</marc:subfield>
   </marc:datafield>
   <marc:datafield ind1=" " ind2=" " tag="653">
      <marc:subfield code="a">DFB</marc:subfield>
   </marc:datafield>
   <marc:datafield ind1=" " ind2=" " tag="653">
      <marc:subfield code="a">Buch zur EM</marc:subfield>
   </marc:datafield>
   <marc:datafield ind1=" " ind2=" " tag="653">
      <marc:subfield code="a">Rekorde Fußball</marc:subfield>
   </marc:datafield>
   <marc:datafield ind1=" " ind2=" " tag="653">
      <marc:subfield code="a">Geschichte des Fußballs</marc:subfield>
   </marc:datafield>
   <marc:datafield ind1="0" ind2="0" tag="245">
      <marc:subfield code="a">Fussball verrückt</marc:subfield>
   </marc:datafield>
   <marc:datafield ind1="0" ind2="0" tag="245">
      <marc:subfield code="b">was du garantiert noch nicht über Fußball weißt</marc:subfield>
   </marc:datafield>
   <marc:datafield ind1=" " ind2="1" tag="264">
      <marc:subfield code="b">DK</marc:subfield>
      <marc:subfield code="c">2024</marc:subfield>
   </marc:datafield>
   <marc:datafield ind1="1" ind2=" " tag="520">
      <marc:subfield code="a">Das Runde muss ins Eckige: das große Buch für Fußballfans Für Taktikfüchse und Torjäger: Dieses Fußballbuch ist der ultimative Begleiter durch das Fußballjahr 2024 mit der EM in Deutschland. Ganz nah am Ball liefert es spannende Hintergrundinformationen über die Geschichte des Fußballs und die großen Turniere. Fußballregeln wie Abseits werden in verständlichen Grafiken erklärt. Es zeigt die wichtigsten Techniken und enthält ein Extra-Kapitel für Taktikfüchse. Neben Einblicken in das Vereinsleben finden Fußballbegeisterte ab 8 Jahren außerdem verblüffende Fakten und Rekorde und zahlreiche Statistiken und Infografiken über ihren Lieblingssport.  Dribbeln, passen, köpfen  Topaktuell: Das ultimative Buch zur Fußball-EM 2024 in Deutschland mit Zahlen und Statistiken über alle Titelträger und Top-Torschützen der letzten Turniere, inklusive der WM 2022.  Von A wie Abseits bis Z wie Zuckerpass: Mit Infos und Fakten zu Geschichte, Regelwerk, Taktik, Technik und Vereinsleben.  Das perfekte Geschenk: Ein absoluter Volltreffer für Fußballfans ab 8 Jahren.  Spannende Halbzeit-Lektüre: Mit verblüffenden Fakten und Rekorden und seitenweise Fußball-Wissen.  Topaktuell und spannend Voller Fakten, Rekorde und Infos ist das Buch die ideale Lektüre für Fußballverrückte und der perfekte Begleiter zur EM 2024 in Deutschland. Von Juni bis Juli stehen sich die besten Teams Europas in München, Dortmund, Leipzig und anderen Spielorten gegenüber. Von Fußballgeschichte über Regeln, Technik und Taktik bis zu Vereinsleben und Meisterschaften: Hier erfahren Fußballbegeisterte alles über ihren Lieblingssport. Und natürlich kommt neben den Männern auch der Frauenfußball nicht zu kurz!  Immer am Ball bleiben: Das große Fußballbuch für Kinder ab 8 Jahren mit Wissenswertem rund um das runde Leder und aktuellen Fakten zur EM 2024</marc:subfield>
   </marc:datafield>
   <marc:datafield ind1=" " ind2=" " tag="020">
      <marc:subfield code="a">9783831048878</marc:subfield>
      <marc:subfield code="9">9783831048878</marc:subfield>
   </marc:datafield>
</marc:record>
